000
00306nam a22001337a 4500
020
_q
PB.
040
_c
FIZZA ISHAQ
082
_a
510.2462
_b
ART
100
_a
TAMBE, A.R.
_9
90155
245
_a
ENGINEERING MATHEMATICS /
_c
A.R. TAMBE.
260
_b
PEARSON,
_c
2006.
300
_a
420 P. ;
942
_2
ddc
_c
BK
999
_c
588513
_d
588513